A bill to amend the charter of the Bank of Charleston, South Carolina.

Bibliographic Details
Corporate Author: South Carolina. General Assembly. House of Representatives. Ways and Means Committee
Format: Microform Book
Language:English
Published: [Columbia, S.C.] : [publisher not identified], [1862]
Series:Confederate imprints, 1861-1865 ; reel 56, no. 1998.
Subjects:

MARC

Tag First Indicator Second Indicator Subfields
LEADER 00000cam a2200000 a 4500
001 in00001196913
005 20151002063406.0
007 hd afv---baca
008 900523s1862 scu a s000 0 eng d
035 |a (OCoLC)21577856 
035 |9 AGJ7693AM 
040 |a FEI  |c FEI  |d UtOrBLW 
043 |a n-us-sc 
049 |a TXAI 
090 |a E487  |b .C66 1974 reel 56 no. 1998 
099 |a Film   |a  B 1664  |a reel 56, no. 1998. 
110 1 |a South Carolina.  |b General Assembly.  |b House of Representatives.  |b Ways and Means Committee. 
245 1 2 |a A bill to amend the charter of the Bank of Charleston, South Carolina. 
264 1 |a [Columbia, S.C.] :  |b [publisher not identified],  |c [1862] 
300 |a 1 unnumbered leaf ;  |c 30 cm. 
336 |a text  |b txt  |2 rdacontent 
337 |a microform  |b h  |2 rdamedia 
338 |a microfilm reel  |b hd  |2 rdacarrier 
500 |a "Real Number 10. Calendar Number 67." 
500 |a Caption title. 
500 |a At head of title: In the House of Representatives, December 3, 1862--Read the Bill the first time. 
500 |a Preceded by a report of the Committee of Ways and Means. 
500 |a Filmed from the holdings of the Boston Athenaeum. 
533 |a Microfilm.  |b New Haven, Conn. :  |c Research Publications,  |d [1974].  |e On reel 56 of 143 microfilm reels ; 35 mm.  |f (Confederate imprints, 1861-1865 ; reel 56, no. 1998). 
539 |a s  |b 1974  |d ctu  |e n 
500 |a Microform. 
610 2 0 |a Bank of Charleston  |x Charters. 
651 0 |a South Carolina  |x History  |y Civil War, 1861-1865. 
830 0 |a Confederate imprints, 1861-1865 ;  |v reel 56, no. 1998. 
999 |a MARS 
999 f f |s 2a4253f6-c068-351f-aab2-229d2437cbf6  |i 88d33ccc-74b5-3be8-b365-f45cd6e8198d  |t 0 
952 f f |p default  |a Texas A&M University  |b College Station  |c Sterling C. Evans Library  |d Evans: Microforms (3rd floor)  |t 0  |e Film B 1664 reel 56, no. 1998.  |h Other scheme  |i microform -- microfilm reel 
998 f f |a Film B 1664 reel 56, no. 1998.  |t 0  |l Evans: Microforms (3rd floor)